000 00853nam0a22002531 4500
001 rc\604074
005 20250621181422.0
035 _a(NLR Aleph) 005848258
090 _a5751282
_c5751282
100 _a20031121d1986 |||y0rusy50 ca
101 0 _arus
102 _aRU
105 _aa |||||||||
200 1 _aУдаровиброзащита машин, оборудования и аппаратуры
210 _aЛ.
_cМашиностроение. Ленингр. отд-ние
_d1986
215 _a221, [1] с.
_cил.
_d22
320 _aБиблиогр.: с. 217-220 (110 назв.)
700 1 _aКруглов
_bЮ.А.
_gЮрий Аристархович
701 1 _aТуманов
_bЮ.А.
_gЮрий Арсентьевич
801 0 _aRU
_bNLR
_gpsbo
801 1 _aRU
_bELAR
_2rusmarc
852 _aNLR
_j87-5/255
942 _cBOOK
980 _aNB